Anuario de estudios de arquitectura 2002 : historia, crítica, conservación /
Contiene: Mapas conceptuales en el Virreinato, caso Provincia de Colima de la Nueva España; Las Carboneras, Haciendas de Beneficio en San Luis Potosí; Arquitectura islámica en la India; Las casas de Francisco J. Serrano de la Colonia Hipódromo Condesa; El arte público como expresión cultural; Arquit...
Uloženo v:
| Další autoři: | , , |
|---|---|
| Médium: | Kniha |
| Jazyk: | španělština |
| Témata: | |
| Tagy: |
tierra
1
|
MARC
| LEADER | 00000nam^a2200000^a^4500 | ||
|---|---|---|---|
| 001 | 000155318 | ||
| 005 | 20250521000000.0 | ||
| 009 | 20260310100425.463 | ||
| 037 | |a Acervo ITESO - Biblioteca | ||
| 041 | |a ESP | ||
| 082 | |a 720. 3 |b EST 2002 | ||
| 240 | 1 | 1 | |a [Anuario de estudios de arquitectura: historia, crítica, conservación] |
| 245 | 0 | 0 | |a Anuario de estudios de arquitectura 2002 : |b historia, crítica, conservación / |c Ed. de L. Martínez Leal, M.P. Tonda Magallón, L.F. Guerrero Baca. |
| 264 | |a México : |b Universidad Autónoma Metropolitana Azcapotzalco : |b Gernika, |c 2002 | ||
| 300 | |a 231 p. | ||
| 336 | |a texto |b txt |2 rdacontenido | ||
| 337 | |a sin mediación |b n |2 rdamedio | ||
| 338 | |a volumen |b nc |2 rdasoporte | ||
| 520 | |a Contiene: Mapas conceptuales en el Virreinato, caso Provincia de Colima de la Nueva España; Las Carboneras, Haciendas de Beneficio en San Luis Potosí; Arquitectura islámica en la India; Las casas de Francisco J. Serrano de la Colonia Hipódromo Condesa; El arte público como expresión cultural; Arquitectura y educación en las escuelas municipales de Jerez, Zacatecas; Morelia 1880-1950, la vivienda; La cerámica arquitectónica; La casa y el orden social; Arquitectura, historia y medio ambiente; El futuro de la arquitectura de tierra; Paisajes culturales y jardines históricos; La vivienda tradicional de la región del Popocatépetl; El Hospicio Cabañas de Guadalajara. | ||
| 649 | |a XX | ||
| 650 | |a Arquitectura - |x Publicaciones Periódicas | ||
| 650 | |a Arte - |x Publicaciones Periódicas Mexicanas | ||
| 650 | |a Colima - |x Historia - |y Epoca Colonial, 1517-1821 - |x Mapas | ||
| 650 | |a México - |x Historia - |y Epoca Colonial, 1517-1821 - |x Mapas | ||
| 650 | |a Adobe | ||
| 650 | |a Cerámica y Mampostería | ||
| 650 | |a Materiales de Construcción | ||
| 650 | |a Construcción | ||
| 650 | |a Haciendas - |z San Luis Potosí | ||
| 650 | |a Haciendas - |z México | ||
| 650 | |a Orfanatorios - |z Guadalajara, Jalisco | ||
| 650 | |a Barrios - |z México (Ciudad) | ||
| 650 | |a Construcción en Serie - |z México (Ciudad) | ||
| 650 | |a Vivienda - |z Morelia | ||
| 650 | |a Arquitectura Virreinal - |z San Luis Potosí |z Arquitectura Virreinal - |z Guadalajara, Jalisco | ||
| 650 | |a Arquitectura - |y Siglo XX | ||
| 650 | |a Arquitectura Mexicana | ||
| 650 | |a Arte Virreinal - |z México | ||
| 650 | |a Arte - |y Siglo XX | ||
| 650 | |a Arte Mexicano | ||
| 650 | |a Arquitectura - |z Jerez, Zacatecas - |x Estudio y Enseñanza | ||
| 650 | |a Arquitectura - |z México - |x Estudio y Enseñanza | ||
| 650 | |a Arquitectura Islámica - |z India | ||
| 650 | |a Arte Islámico - |z India | ||
| 650 | |a Arquitectura del Paisaje | ||
| 650 | |a Arquitectura y Sociedad | ||
| 650 | |a Escultura Urbana | ||
| 650 | |a Equipamiento Urbano | ||
| 650 | |a Arte y Sociedad | ||
| 650 | |a Serrano y Alvarez de la Rosa, Francisco J. | ||
| 650 | |a Publicaciones Periódicas Mexicanas | ||
| 700 | |a Martínez Leal, Luisa |e (edición) | ||
| 700 | |a Tonda Magallón, María del Pilar |e (edición) | ||
| 700 | |a Guerrero Baca, Luis Fernando |e (edición) | ||
| 910 | |a Fondo General | ||
| 920 | |a Impresos - Libros | ||
| 930 | |a Colección General | ||
| 905 | |a 101 | ||
| 901 | |a 0500083173 |b IT1 |c ACC |u 20250521 | ||
| 902 | |a https://opac.biblio.iteso.mx/vufind/Record/000155318 | ||